[Event "BCF-chT3S 1617 (4NCL) Demotion pool"]
[Site "England"]
[Date "2017.04.30"]
[Round "10.74"]
[White "James, Angus S"]
[Black "Downham, Alan"]
[Result "1/2-1/2"]
[WhiteElo "1922"]
[BlackElo "1988"]
[PlyCount "56"]
[EventDate "2016.11.26"]
[EventType "team-tourn"]
[EventRounds "11"]
[EventCountry "ENG"]
[SourceTitle "EXT 2019"]
[Source "ChessBase"]
[SourceDate "2018.10.10"]
[SourceVersion "1"]
[SourceVersionDate "2018.10.10"]
[SourceQuality "1"]
[WhiteTeam "Surbiton"]
[BlackTeam "Iceni"]
[WhiteTeamCountry "ENG"]
[BlackTeamCountry "ENG"]

1. e4 d5 2. exd5 Qxd5 3. Nf3 c6 4. d4 Bg4 5. Be2 Nf6 6. 0-0 e6 7. c4 Qd6 8. Nc3 Nbd7 9. Be3 Be7 10. a3 0-0 11. h3 Bxf3 12. Bxf3 Rfd8 13. Qe2 Nf8 14. Rfd1 Ng6 15. g3 Qc7 16. Rac1 Bd6 17. Kg2 Re8 18. Qc2 Rac8 19. Qb1 Qb8 20. Re1 Rc7 21. Re2 h6 22. Rce1 Rd7 23. b4 a6 24. d5 cxd5 25. cxd5 Ne5 26. dxe6 Nxf3 27. exd7 Nxe1+ 28. Rxe1 Nxd7 1/2-1/2

[Event "London Classic op U2050-A 8th"]
[Site "London"]
[Date "2016.12.11"]
[Round "4"]
[White "James, Angus S"]
[Black "Yoon, Jacob D"]
[Result "0-1"]
[WhiteElo "1944"]
[BlackElo "1871"]
[PlyCount "158"]
[EventDate "2016.12.09"]
[EventType "swiss"]
[EventRounds "5"]
[EventCountry "ENG"]
[SourceTitle "EXT 2019"]
[Source "ChessBase"]
[SourceDate "2018.10.10"]
[SourceVersion "1"]
[SourceVersionDate "2018.10.10"]
[SourceQuality "1"]

1. e4 c5 2. Nf3 d6 3. Bb5+ Bd7 4. Bxd7+ Qxd7 5. 0-0 g6 6. c3 Nc6 7. Qe2 Bg7 8. Rd1 Nf6 9. d4 cxd4 10. cxd4 0-0 11. Nc3 Rfd8 12. d5 Nb4 13. Be3 Qe8 14. Rac1 Na6 15. Nd4 Nc5 16. f3 Rac8 17. Rc2 e5 18. dxe6 Nxe6 19. Ndb5 Qe7 20. Nxa7 Ra8 21. Nab5 Rac8 22. Rcd2 Rc6 23. Nd5 Qf8 24. Nb4 Rcc8 25. Nxd6 Ra8 26. a3 Rd7 27. Nc4 Rad8 28. Nb6 Rxd2 29. Rxd2 Nh5 30. N6d5 Kh8 31. g4 Nf6 32. Nxf6 Bxf6 33. Rxd8 Qxd8 34. Nd5 Bg7 35. Qd2 Qb8 36. f4 Qc8 37. f5 Nd8 38. Bd4 Qc4 39. Bxg7+ Kxg7 40. f6+ Kh8 41. Ne7 Qc5+ 42. Kh1 Ne6 43. Qc3 Qxc3 44. bxc3 Nc5 45. e5 Nd7 46. g5 Nxe5 47. Kg2 h6 48. h4 Nc4 49. Nc8 hxg5 50. hxg5 Kg8 51. Kf3 Kf8 52. Ke4 Ke8 53. a4 Kd7 54. Kd5 Ne3+ 55. Ke4 Nc4 56. Na7 Nb6 57. a5 Nc4 58. Kd5 Nxa5 59. Nb5 Nc6 60. Nd6 Nd8 61. c4 b6 62. Ne4 Ne6 63. Ke5 Kc6 64. Nd6 Nxg5 65. Nb5 Kc5 66. Kf4 Ne6+ 67. Ke5 Ng5 68. Kf4 Kxc4 69. Nd6+ Kd5 70. Nc8 Ne6+ 71. Kg4 b5 72. Nb6+ Ke5 73. Nd7+ Kd6 74. Nb6 b4 75. Nc4+ Kd5 76. Nb6+ Ke5 77. Nd7+ Ke4 78. Nb6 b3 79. Nc4 Kd5 0-1

[Event "BCF-chT3 1415 (4NCL)"]
[Site "England"]
[Date "2015.03.21"]
[Round "7"]
[White "James, Angus S"]
[Black "Blake, J Morgan"]
[Result "1/2-1/2"]
[WhiteElo "1948"]
[BlackElo "1675"]
[PlyCount "59"]
[EventDate "2015.03.21"]
[EventType "team-swiss"]
[EventRounds "11"]
[EventCountry "ENG"]
[SourceTitle "EXT 2016"]
[Source "ChessBase"]
[SourceDate "2015.10.08"]
[SourceVersion "1"]
[SourceVersionDate "2015.10.08"]
[SourceQuality "1"]
[WhiteTeam "Surbiton II"]
[BlackTeam "Sussex Martlets II"]
[WhiteTeamCountry "ENG"]
[BlackTeamCountry "ENG"]

1. e4 e6 2. d4 d5 3. Nd2 Nf6 4. e5 Nfd7 5. f4 c5 6. c3 Nc6 7. Ngf3 Qb6 8. Nb3 cxd4 9. cxd4 a5 10. a4 Ndb8 11. Bd3 Nb4 12. Bb1 h6 13. 0-0 Be7 14. Be3 Bd7 15. Nc5 N8c6 16. Nxd7 Kxd7 17. f5 Raf8 18. Qd2 Nd8 19. Kh1 Nbc6 20. Bd3 exf5 21. Bxf5+ Ne6 22. Rfd1 Bb4 23. Qc2 Rc8 24. Qb3 Ne7 25. Bd3 Kc7 26. Rac1+ Kb8 27. Bb5 Rxc1 28. Rxc1 Rc8 29. Rxc8+ Kxc8 30. Qc2+ 1/2-1/2

[Event "BCF-chT3 1415 (4NCL)"]
[Site "England"]
[Date "2015.03.21"]
[Round "8.99"]
[White "Kreuzer, Christopher RL"]
[Black "James, Angus S"]
[Result "1-0"]
[WhiteElo "1945"]
[BlackElo "1961"]
[PlyCount "51"]
[EventDate "2015.03.21"]
[EventType "team-swiss"]
[EventRounds "11"]
[EventCountry "ENG"]
[SourceTitle "EXT 2016"]
[Source "ChessBase"]
[SourceDate "2015.10.08"]
[SourceVersion "1"]
[SourceVersionDate "2015.10.08"]
[SourceQuality "1"]
[WhiteTeam "Cambridge III"]
[BlackTeam "Surbiton II"]
[WhiteTeamCountry "ENG"]
[BlackTeamCountry "ENG"]

1. e4 c5 2. Nf3 d6 3. d4 cxd4 4. Nxd4 Nf6 5. Nc3 a6 6. Be2 e5 7. Nb3 Be7 8. Be3 Be6 9. 0-0 0-0 10. Nd5 Bxd5 11. exd5 Nbd7 12. c4 b6 13. Nd2 a5 14. a4 Qc7 15. f4 exf4 16. Rxf4 Ne5 17. Bd4 Rfe8 18. Qb3 Rab8 19. Raf1 Bd8 20. Qg3 Ng6 21. R4f2 Qe7 22. Bd3 Nh5 23. Qg4 Nf6 24. Qf5 Nh4 25. Bxf6 Qxf6 26. Qxh7+ 1-0

[Event "BCF-chT3S 1415 (4NCL)"]
[Site "England"]
[Date "2015.02.15"]
[Round "6.216"]
[White "James, Angus S"]
[Black "Foley, John P"]
[Result "1-0"]
[WhiteElo "1948"]
[BlackElo "1996"]
[PlyCount "125"]
[EventDate "2014.11.15"]
[EventType "team-swiss"]
[EventRounds "6"]
[EventCountry "ENG"]
[SourceTitle "EXT 2016"]
[Source "ChessBase"]
[SourceDate "2015.10.08"]
[SourceVersion "1"]
[SourceVersionDate "2015.10.08"]
[SourceQuality "1"]
[WhiteTeam "Surbiton II"]
[BlackTeam "BCM Rhinos II"]
[WhiteTeamCountry "ENG"]
[BlackTeamCountry "ENG"]

1. e4 c6 2. d4 d5 3. exd5 cxd5 4. Bd3 Nc6 5. c3 Nf6 6. Bf4 g6 7. Nf3 Bg4 8. h3 Bxf3 9. Qxf3 Bg7 10. 0-0 0-0 11. Re1 a6 12. Nd2 Rc8 13. Nb3 e6 14. Bg5 h6 15. Bh4 g5 16. Bg3 Re8 17. Re2 Qe7 18. Rae1 b5 19. a3 Nb8 20. Nc5 Rc6 21. Be5 Rd8 22. Bb1 Nbd7 23. Nxd7 Rxd7 24. Qd3 Kf8 25. Re3 Ng8 26. Bxg7+ Kxg7 27. Qh7+ Kf8 28. Rf3 f5 29. Rxf5+ exf5 30. Rxe7 Rxe7 31. Qxf5+ Nf6 32. Ba2 Kg7 33. Bxd5 Nxd5 34. Qxd5 Re1+ 35. Kh2 Rce6 36. Qb7+ Kg6 37. Qc8 h5 38. Qg8+ Kf6 39. Qh8+ Kg6 40. Qg8+ Kf6 41. Qd8+ Kg6 42. h4 gxh4 43. Qxh4 R1e2 44. d5 Rf6 45. f4 Rf5 46. Qg3+ Kf6 47. Qd3 Re8 48. Qd4+ Kg6 49. b3 Ref8 50. g3 h4 51. c4 hxg3+ 52. Kxg3 bxc4 53. bxc4 Rb8 54. Kg4 Rff8 55. Qe4+ Kg7 56. Qe7+ Kh8 57. f5 Rbe8 58. Qh4+ Kg7 59. Kg5 Rf7 60. d6 Re5 61. Qf4 Re1 62. Qd4+ Kg8 63. d7 1-0

[Event "BCF-chT3S 1415 (4NCL)"]
[Site "England"]
[Date "2014.11.15"]
[Round "1.225"]
[White "James, Angus S"]
[Black "Dickinson, Timothy R"]
[Result "1/2-1/2"]
[WhiteElo "1950"]
[BlackElo "2111"]
[PlyCount "53"]
[EventDate "2014.11.15"]
[EventType "team-swiss"]
[EventRounds "6"]
[EventCountry "ENG"]
[SourceTitle "CBM 163 Extra"]
[Source "ChessBase"]
[SourceDate "2014.12.23"]
[SourceVersion "1"]
[SourceVersionDate "2014.12.23"]
[SourceQuality "1"]
[WhiteTeam "Surbiton II"]
[BlackTeam "Oxford II"]
[WhiteTeamCountry "ENG"]
[BlackTeamCountry "ENG"]

1. e4 c6 2. d4 d5 3. exd5 cxd5 4. Bd3 Nf6 5. c3 Bg4 6. Qb3 Qc7 7. Bg5 e6 8. Nd2 Nc6 9. Ngf3 Bxf3 10. Nxf3 Bd6 11. Bxf6 gxf6 12. 0-0 Rc8 13. Rfe1 0-0 14. Qc2 Kg7 15. Qe2 Ne7 16. g3 Ng6 17. h4 Bxg3 18. Bxg6 hxg6 19. fxg3 Qxg3+ 20. Qg2 Qf4 21. Re2 Rh8 22. Rf1 Rh5 23. Qh2 Qg4+ 24. Rg2 Qe4 25. Re2 Qg4+ 26. Rg2 Qe4 27. Re2 1/2-1/2

[Event "BCF-chT3 1314 (4NCL)"]
[Site "England"]
[Date "2014.03.22"]
[Round "7.148"]
[White "James, Angus S"]
[Black "Anilkumar, Anantha P"]
[Result "1/2-1/2"]
[WhiteElo "1958"]
[BlackElo "1750"]
[PlyCount "54"]
[EventDate "2013.11.16"]
[EventType "team-swiss"]
[EventRounds "11"]
[EventCountry "ENG"]
[SourceTitle "EXT 2015"]
[Source "ChessBase"]
[SourceDate "2014.11.20"]
[SourceVersion "1"]
[SourceVersionDate "2014.11.20"]
[SourceQuality "1"]
[WhiteTeam "Surbiton"]
[BlackTeam "KJCA Knights"]
[WhiteTeamCountry "ENG"]
[BlackTeamCountry "ENG"]

1. e4 c5 2. Nf3 d6 3. Bb5+ Bd7 4. Bxd7+ Qxd7 5. 0-0 Nc6 6. c3 Nf6 7. Qe2 e6 8. Rd1 Be7 9. d4 cxd4 10. cxd4 d5 11. e5 Ne4 12. Ne1 f6 13. f3 Ng5 14. Nc3 Nf7 15. f4 0-0 16. Nf3 Rab8 17. f5 Nfd8 18. Bf4 Rc8 19. fxe6 Nxe6 20. Be3 Rfd8 21. Rd2 Qc7 22. exf6 Bxf6 23. Qd3 Na5 24. Qf5 Qd6 25. Ne5 Nc4 26. Nxc4 Rxc4 27. Rad1 a6 1/2-1/2

[Event "BCF-chT3S 1314 (4NCL)"]
[Site "England"]
[Date "2014.02.15"]
[Round "5.197"]
[White "James, Angus S"]
[Black "Harris, John"]
[Result "1-0"]
[WhiteElo "1958"]
[BlackElo "1805"]
[PlyCount "59"]
[EventDate "2013.11.16"]
[EventType "team-swiss"]
[EventRounds "6"]
[EventCountry "ENG"]
[SourceTitle "EXT 2015"]
[Source "ChessBase"]
[SourceDate "2014.11.20"]
[SourceVersion "1"]
[SourceVersionDate "2014.11.20"]
[SourceQuality "1"]
[WhiteTeam "Surbiton"]
[BlackTeam "Throw in the Tal"]
[WhiteTeamCountry "ENG"]
[BlackTeamCountry "ENG"]

1. e4 e6 2. d4 d5 3. Nd2 Nc6 4. Ngf3 Nf6 5. e5 Nd7 6. c3 a5 7. a4 Be7 8. Nb3 f6 9. Bb5 Na7 10. Bd3 c5 11. Nxc5 Nxc5 12. dxc5 Bxc5 13. 0-0 fxe5 14. Nxe5 Qf6 15. Qh5+ g6 16. Qe2 Bd7 17. Nxd7 Kxd7 18. Be3 Bd6 19. Bd4 e5 20. Bxa7 Rxa7 21. Bb5+ Kc7 22. Rad1 Qe6 23. Qd3 Rd8 24. Qxd5 Qf6 25. Qc4+ Kb8 26. Rd5 b6 27. Qc6 e4 28. Rfd1 Qf4 29. Rxd6 Rxd6 30. Qxd6+ 1-0

[Event "BCF-chT3S 1314 (4NCL)"]
[Site "England"]
[Date "2014.01.12"]
[Round "4.159"]
[White "Freeman, Richard"]
[Black "James, Angus S"]
[Result "1/2-1/2"]
[WhiteElo "2030"]
[BlackElo "1956"]
[PlyCount "30"]
[EventDate "2013.11.16"]
[EventType "team-swiss"]
[EventRounds "6"]
[EventCountry "ENG"]
[SourceTitle "EXT 2015"]
[Source "ChessBase"]
[SourceDate "2014.11.20"]
[SourceVersion "1"]
[SourceVersionDate "2014.11.20"]
[SourceQuality "1"]
[WhiteTeam "MK Phoenix"]
[BlackTeam "Surbiton"]
[WhiteTeamCountry "ENG"]
[BlackTeamCountry "ENG"]

1. d4 Nf6 2. Bg5 c6 3. Bxf6 gxf6 4. e3 Qb6 5. Qc1 f5 6. Ne2 d6 7. g3 Nd7 8. Bg2 Nf6 9. 0-0 h5 10. h4 Bh6 11. c4 Be6 12. b3 Ne4 13. Nbc3 d5 14. Qc2 Rg8 15. Nxe4 fxe4 1/2-1/2

[Event "London Classic op 5th"]
[Site "London"]
[Date "2013.12.13"]
[Round "7"]
[White "Hill, Alistair"]
[Black "James, Angus S"]
[Result "1-0"]
[WhiteElo "2097"]
[BlackElo "1941"]
[PlyCount "64"]
[EventDate "2013.12.07"]
[EventType "swiss"]
[EventRounds "9"]
[EventCountry "ENG"]
[SourceTitle "CBM 157 Extra"]
[Source "ChessBase"]
[SourceDate "2013.12.19"]
[SourceVersion "1"]
[SourceVersionDate "2013.12.19"]
[SourceQuality "1"]

1. e4 c5 2. Nf3 d6 3. Bb5+ Nc6 4. 0-0 Bd7 5. Re1 a6 6. Bf1 Bg4 7. h3 Bh5 8. c3 Nf6 9. d4 cxd4 10. cxd4 Bxf3 11. gxf3 e5 12. d5 Nb8 13. f4 Nbd7 14. Nc3 Be7 15. fxe5 dxe5 16. Be3 Bd6 17. Be2 0-0 18. a3 Rc8 19. Rc1 Qe7 20. Bf3 Rc7 21. Qd2 Rfc8 22. b4 a5 23. Nb5 Rxc1 24. Rxc1 Rxc1+ 25. Qxc1 axb4 26. Qc8+ Qf8 27. Nxd6 Qxc8 28. Nxc8 bxa3 29. Bc1 a2 30. Bb2 Nc5 31. Nd6 b6 32. Bd1 Nd3 1-0

[Event "Sunningdale e2e4 op U2050 05"]
[Site "Sunningdale"]
[Date "2013.05.25"]
[Round "2"]
[White "James, Angus S"]
[Black "Keen, Cosima C"]
[Result "1-0"]
[WhiteElo "1959"]
[BlackElo "1710"]
[PlyCount "49"]
[EventDate "2013.05.24"]
[EventType "swiss"]
[EventRounds "7"]
[EventCountry "ENG"]
[SourceTitle "EXT 2014"]
[Source "ChessBase"]
[SourceDate "2013.11.20"]
[SourceVersion "1"]
[SourceVersionDate "2013.11.20"]
[SourceQuality "1"]

1. e4 c6 2. d4 d5 3. exd5 cxd5 4. Bd3 Nc6 5. c3 Qc7 6. h3 Nf6 7. Nf3 e6 8. 0-0 Bd6 9. Re1 h6 10. Qe2 0-0 11. Ne5 a6 12. a4 Na5 13. Nd2 Nd7 14. f4 Qb6 15. b4 Nxe5 16. bxa5 Qxa5 17. fxe5 Qxc3 18. Nf3 Qxa1 19. Bxh6 Qxa4 20. Qf2 Qd7 21. Bxg7 Bb4 22. Rf1 f6 23. exf6 Kf7 24. Ne5+ Ke8 25. Nxd7 1-0

[Event "London Imperial College op"]
[Site "London"]
[Date "2013.02.02"]
[Round "3"]
[White "James, Angus S"]
[Black "Jones, Steven"]
[Result "1/2-1/2"]
[WhiteElo "1918"]
[BlackElo "2005"]
[PlyCount "40"]
[EventDate "2013.02.01"]
[EventType "swiss"]
[EventRounds "5"]
[EventCountry "ENG"]
[SourceTitle "CBM 153 Extra"]
[Source "ChessBase"]
[SourceDate "2013.04.22"]
[SourceVersion "1"]
[SourceVersionDate "2013.04.22"]
[SourceQuality "1"]

1. e4 c5 2. Nf3 Nc6 3. Bb5 d6 4. 0-0 Bd7 5. c3 Nf6 6. Re1 a6 7. Ba4 b5 8. Bc2 Bg4 9. h3 Bxf3 10. Qxf3 e5 11. a4 Be7 12. axb5 axb5 13. Rxa8 Qxa8 14. Na3 b4 15. Nc4 0-0 16. d3 Qa2 17. Qd1 bxc3 18. bxc3 Rb8 19. Ba4 Nd8 20. Qc2 Qxc2 1/2-1/2

[Event "FICGS rapid A 000119 email"]
[Site "FICGS email"]
[Date "2011.12.19"]
[Round "1"]
[White "James, Angus S"]
[Black "Riha, Josef"]
[Result "1-0"]
[WhiteElo "1937"]
[BlackElo "1945"]
[PlyCount "97"]
[EventDate "2011.??.??"]
[EventType "tourn (rapid)"]
[SourceTitle "Corr 2013"]
[Source "ChessBase"]
[SourceDate "2012.11.12"]
[SourceVersion "1"]
[SourceVersionDate "2012.11.12"]
[SourceQuality "1"]

1. e4 c5 2. Nf3 d6 3. d4 cxd4 4. Nxd4 Nf6 5. Nc3 a6 6. Be3 e6 7. f3 b5 8. Qd2 Bb7 9. g4 Nfd7 10. 0-0-0 Nb6 11. Nb3 Nc6 12. Qf2 Nd7 13. g5 Nce5 14. Kb1 Qc7 15. Rg1 Rc8 16. f4 b4 17. Nd5 exd5 18. fxe5 dxe4 19. exd6 Bxd6 20. Qd2 Be5 21. Na5 Bd5 22. Bh3 Be6 23. Bxe6 fxe6 24. Rgf1 Bxh2 25. b3 Rb8 26. Nc4 Rb5 27. Qd4 Nc5 28. Rd2 Bg3 29. Rg2 Rf8 30. Rxf8+ Kxf8 31. Rxg3 Nxb3 32. Qd6+ Qxd6 33. Nxd6 Na5 34. Nxb5 axb5 35. Rg4 Nc4 36. Rxe4 Kf7 37. Rf4+ Kg6 38. Rxc4 bxc4 39. c3 bxc3 40. a4 Kf5 41. a5 Ke4 42. a6 Kxe3 43. Kc2 Kf4 44. a7 Kxg5 45. a8Q g6 46. Kxc3 Kf4 47. Kxc4 Ke5 48. Qh8+ Ke4 49. Qxh7 1-0

[Event "FICGS rapid A 000119 email"]
[Site "FICGS email"]
[Date "2011.12.19"]
[Round "1"]
[White "Rogers, Michael"]
[Black "James, Angus S"]
[Result "1/2-1/2"]
[WhiteElo "1933"]
[BlackElo "1937"]
[PlyCount "33"]
[EventDate "2011.??.??"]
[EventType "tourn (rapid)"]
[SourceTitle "Corr 2013"]
[Source "ChessBase"]
[SourceDate "2012.11.12"]
[SourceVersion "1"]
[SourceVersionDate "2012.11.12"]
[SourceQuality "1"]

1. e4 c5 2. Nf3 d6 3. d4 cxd4 4. Nxd4 Nf6 5. Nc3 a6 6. Be2 e5 7. Nb3 Be7 8. 0-0 0-0 9. Kh1 Nc6 10. f4 b5 11. a4 Bb7 12. Be3 exf4 13. Rxf4 Ne5 14. Qd4 Nc6 15. Qd1 Ne5 16. Qd4 Nc6 17. Qd1 1/2-1/2

[Event "FICGS rapid A 000116 email"]
[Site "FICGS email"]
[Date "2011.10.20"]
[Round "1"]
[White "Simashkevitch, Mykola"]
[Black "James, Angus S"]
[Result "1/2-1/2"]
[WhiteElo "1962"]
[BlackElo "1929"]
[PlyCount "48"]
[EventDate "2011.??.??"]
[EventType "tourn (rapid)"]
[EventRounds "1"]
[SourceTitle "Corr 2013"]
[Source "ChessBase"]
[SourceDate "2012.11.12"]
[SourceVersion "1"]
[SourceVersionDate "2012.11.12"]
[SourceQuality "1"]

1. e4 c5 2. Nf3 d6 3. d4 cxd4 4. Nxd4 Nf6 5. Nc3 a6 6. Be3 e5 7. Nb3 Be6 8. f3 h5 9. Nd5 Bxd5 10. exd5 Nbd7 11. Qd2 g6 12. 0-0-0 Nb6 13. Qa5 Bh6 14. Bxh6 Rxh6 15. Kb1 Rh8 16. g3 Nbd7 17. Qd2 Qb6 18. Bh3 0-0-0 19. Rhe1 Kb8 20. Bxd7 Nxd7 21. Re4 Rc8 22. Rb4 Qc7 23. h4 Nc5 24. Re1 Nxb3 1/2-1/2

[Event "FICGS rapid A 000114 email"]
[Site "FICGS email"]
[Date "2011.09.09"]
[Round "1"]
[White "James, Angus S"]
[Black "Rogers, Michael"]
[Result "1/2-1/2"]
[WhiteElo "1929"]
[BlackElo "1916"]
[PlyCount "55"]
[EventDate "2011.??.??"]
[EventType "tourn (rapid)"]
[EventRounds "1"]
[SourceTitle "Corr 2013"]
[Source "ChessBase"]
[SourceDate "2012.11.12"]
[SourceVersion "1"]
[SourceVersionDate "2012.11.12"]
[SourceQuality "1"]

1. e4 e6 2. d4 d5 3. Nd2 dxe4 4. Nxe4 Nd7 5. Nf3 Ngf6 6. Bd3 Nxe4 7. Bxe4 Nf6 8. Bd3 Bd6 9. 0-0 0-0 10. Qe2 b6 11. Ne5 Bb7 12. Bg5 h6 13. Bh4 Be7 14. c3 Nd7 15. Bg3 Nxe5 16. Bxe5 Bd6 17. Rfe1 Bxe5 18. Qxe5 Qd6 19. Qxd6 cxd6 20. f4 g6 21. Kf2 Kg7 22. g4 Rh8 23. h4 h5 24. g5 Rhc8 25. a4 Rab8 26. Rec1 Rc7 27. Ke3 a5 28. c4 1/2-1/2

[Event "FICGS rapid A 000108 email"]
[Site "FICGS email"]
[Date "2011.07.02"]
[Round "1"]
[White "Domingo Gadea, Jordi"]
[Black "James, Angus S"]
[Result "1-0"]
[WhiteElo "1920"]
[BlackElo "1908"]
[PlyCount "65"]
[EventDate "2011.??.??"]
[EventType "tourn (rapid)"]
[EventRounds "6"]
[SourceTitle "Corr 2013"]
[Source "ChessBase"]
[SourceDate "2012.11.12"]
[SourceVersion "1"]
[SourceVersionDate "2012.11.12"]
[SourceQuality "1"]

1. e4 c5 2. Nf3 d6 3. d4 cxd4 4. Nxd4 Nf6 5. Nc3 a6 6. Be3 e5 7. Nb3 Be6 8. f3 Be7 9. Qd2 0-0 10. 0-0-0 Nbd7 11. g4 b5 12. g5 Nh5 13. Kb1 Nb6 14. Na5 Qc7 15. Nd5 Nxd5 16. exd5 Bd7 17. Bd3 f5 18. gxf6 Nxf6 19. Rhg1 Kh8 20. c4 Bd8 21. Rxg7 bxc4 22. Nxc4 Kxg7 23. Bh6+ Kf7 24. Bxf8 Kxf8 25. Qh6+ Ke8 26. Bxh7 Be7 27. Nxe5 Nxh7 28. Qg6+ Kd8 29. Nf7+ Kc8 30. Rc1 Nf6 31. Rxc7+ Kxc7 32. Qc2+ Kb6 33. Ng5 1-0

[Event "FICGS rapid A 000108 email"]
[Site "FICGS email"]
[Date "2011.07.02"]
[Round "1"]
[White "James, Angus S"]
[Black "Anderson, James Allan"]
[Result "1/2-1/2"]
[WhiteElo "1908"]
[BlackElo "2000"]
[PlyCount "65"]
[EventDate "2011.??.??"]
[EventType "tourn (rapid)"]
[EventRounds "6"]
[SourceTitle "Corr 2013"]
[Source "ChessBase"]
[SourceDate "2012.11.12"]
[SourceVersion "1"]
[SourceVersionDate "2012.11.12"]
[SourceQuality "1"]

1. e4 g6 2. d4 Bg7 3. Nc3 d6 4. f4 a6 5. Nf3 b5 6. Bd3 Nd7 7. e5 Nh6 8. 0-0 0-0 9. a4 b4 10. Ne4 Nb6 11. a5 Nd5 12. Bd2 c5 13. dxc5 dxe5 14. Nxe5 Qc7 15. Qf3 Bb7 16. Qf2 Rad8 17. Kh1 Nf5 18. Ng5 Bc8 19. Ngf3 e6 20. Rfe1 Rfe8 21. Be4 Bb7 22. Rad1 Ba8 23. Nd3 b3 24. cxb3 Nde3 25. Rxe3 Bxe4 26. Rxe4 Rxd3 27. b4 Bxb2 28. Rb1 Bf6 29. Ne5 Bxe5 30. fxe5 Qc6 31. Rbe1 h6 32. Bc1 Red8 33. Kg1 1/2-1/2

[Event "FICGS rapid A 000108 email"]
[Site "FICGS email"]
[Date "2011.07.02"]
[Round "1"]
[White "Velasco, Josep"]
[Black "James, Angus S"]
[Result "1-0"]
[WhiteElo "1948"]
[BlackElo "1908"]
[PlyCount "93"]
[EventDate "2011.??.??"]
[EventType "tourn (rapid)"]
[EventRounds "6"]
[SourceTitle "Corr 2013"]
[Source "ChessBase"]
[SourceDate "2012.11.12"]
[SourceVersion "1"]
[SourceVersionDate "2012.11.12"]
[SourceQuality "1"]

1. e4 c5 2. Nf3 d6 3. d4 cxd4 4. Nxd4 Nf6 5. Nc3 a6 6. Be3 e5 7. Nb3 Be6 8. f3 Be7 9. Qd2 0-0 10. 0-0-0 Nbd7 11. g4 b5 12. g5 Nh5 13. Kb1 Nb6 14. Nd5 Nxd5 15. exd5 Bf5 16. Na5 f6 17. h4 Ng3 18. Rg1 Nxf1 19. Rdxf1 fxg5 20. Nc6 Qd7 21. hxg5 Bg6 22. Rf2 Rf5 23. Rh1 Rc8 24. Rhf1 Re8 25. b3 Bd8 26. Kb2 Bh5 27. a3 Bg6 28. Ra1 Qb7 29. a4 Bb6 30. a5 Bxe3 31. Qxe3 Bf7 32. Rd2 Bh5 33. Qb6 Qc8 34. Rd3 Rf4 35. Rc3 Qf5 36. Qxa6 b4 37. Rc4 Qxg5 38. Nxb4 Qf6 39. Ka2 Bxf3 40. Rc8 Rxc8 41. Qxc8+ Qf8 42. Qb7 Rf7 43. Qb6 h5 44. a6 h4 45. a7 h3 46. Kb2 Qa8 47. Nc6 1-0

[Event "FICGS rapid A 000107 email"]
[Site "FICGS email"]
[Date "2011.06.28"]
[Round "1"]
[White "James, Angus S"]
[Black "Prakash, Om"]
[Result "1/2-1/2"]
[WhiteElo "1991"]
[BlackElo "2000"]
[PlyCount "50"]
[EventDate "2011.??.??"]
[EventType "tourn (rapid)"]
[EventRounds "1"]
[SourceTitle "Corr 2013"]
[Source "ChessBase"]
[SourceDate "2012.11.12"]
[SourceVersion "1"]
[SourceVersionDate "2012.11.12"]
[SourceQuality "1"]

1. e4 c5 2. Nf3 d6 3. d4 cxd4 4. Nxd4 Nf6 5. Nc3 a6 6. Be3 e5 7. Nb3 Be6 8. f3 Nbd7 9. Qd2 h5 10. Nd5 Bxd5 11. exd5 g6 12. Be2 Bg7 13. 0-0 0-0 14. Rac1 Qc7 15. c4 b6 16. Kh1 Rac8 17. Bd3 a5 18. Qf2 Rfe8 19. Nd2 Nc5 20. Bc2 e4 21. Nxe4 Nfxe4 22. fxe4 Bxb2 23. Rb1 Bg7 24. Rxb6 Nxe4 25. Bxe4 Rxe4 1/2-1/2

[Event "FICGS class B 000136 email"]
[Site "FICGS email"]
[Date "2011.01.11"]
[Round "1"]
[White "Dyson, John"]
[Black "James, Angus S"]
[Result "1-0"]
[WhiteElo "1800"]
[BlackElo "1984"]
[PlyCount "43"]
[EventDate "2011.??.??"]
[EventType "tourn (corr)"]
[EventRounds "5"]
[SourceTitle "Corr 2013"]
[Source "ChessBase"]
[SourceDate "2012.11.12"]
[SourceVersion "1"]
[SourceVersionDate "2012.11.12"]
[SourceQuality "1"]

1. c4 Nf6 2. g3 g6 3. Bg2 Bg7 4. Nc3 0-0 5. e4 d6 6. Nge2 c5 7. 0-0 Nc6 8. d3 Rb8 9. h3 a6 10. a4 Bd7 11. Be3 Ne8 12. d4 cxd4 13. Nxd4 Nc7 14. b3 Ne6 15. Nde2 f5 16. exf5 Rxf5 17. Rc1 b6 18. Nd5 a5 19. Re1 Rf8 20. Nec3 Nc5 21. Nb5 Rf7 22. Rc2 1-0